Participación de mercado para segmento ABC+ para TELMEX en la región de Cuernavaca Morelos (Registro nro. 29622)

Detalles MARC
000 -LÍDER
fixed length control field 00650nam a22001937a 4500
003 - IDENTIFICADOR DEL NÚMERO DE CONTROL
control field ITZ
005 - FECHA Y HORA DE LA ULTIMA TRANSACCIÓN
Campo de control 20250919135025.0
008 - ELEMENTOS DE LONGITUD FIJA -- INFORMACIÓN GENERAL
fixed length control field 250919b |||||||| |||| 00| 0 spa d
035 ## - Número de ficha (Janium)
Número de ficha (Janium) 17907
041 ## - CÓDIGO DE IDIOMA
Código de idioma para texto/pista de sonido o título separado Esp
050 ## - SIGNATURA TOPOGRAFICA DE LA BIBLIOTECA DEL CONGRESO (LC)
Número de Clasificación CD 029 HD30.4
Cutter R8 2016
082 ## - NUMERO DE CLASIFICACION DECIMAL DEWEY
Número de Clasificación CD 029 658.5
Cutter R8p 2016
100 1# - ASIENTO PRINCIPAL--NOMBRE PERSONAL
Nombre personal Ruiz Tapia, Laura Gisela
245 ## - TÍTULO
Título Participación de mercado para segmento ABC+ para TELMEX en la región de Cuernavaca Morelos
300 ## - DESCRIPCIÓN FÍSICA
Extensión pag. varia /
502 ## - NOTA DE TESIS
Nota de tesis Informe técnico de residencia profesional, opción (X) I.T.Z. (Lic. Administración) Rosalinda García Villafaña
650 ## - ASIENTO SECUNDARIO DE MATERIA - TERMINO TEMÁTICO
Término temático o nombre geográfico como elemento de entrada 1. MERCADOTECNÍA \ 2. CLIENTE
942 ## - TIPO DE MATERIAL (KOHA)
Koha item type Tesis
Existencias
No. biblioteca No. biblioteca Número de clasificación Código de barras/Número de adquisición Número de copia Tipo de material Otras carreras
TESIS ADMINISTRACIÓN TESIS INGENIERÍA EN ADMINSTRACIÓN CD 029 658.5 R8p 2016 LA-029-2016 1 Tesis LUIS G. INCLAN
TESIS ADMINISTRACIÓN TESIS INGENIERÍA EN ADMINSTRACIÓN CD 029 658.5 R8p 2016 LA-030-2016 2 Tesis LUIS G. INCLAN
Calzada Tecnológico # 27, Zacatepec, Morelos.
01(734) 343-07-23 / 343-21-10 / 343-21-11
Apdo. Postal 45 C.P 62780